00697nam a22001815i 4500001000700000003000900007005001700016008004100033080001500074080001500089100003800104245017500142260004500317300006300362651002900425651003800454852002300492169145ES-MaACL20250911063602.0080819s1879 sp |||| | spa d a94(460.15) a39(460.15)1 aVelasco, Ladislao de, d1817-189114aLos euskaros en Alava, Guipúzcoa y Vizcaya b: sus orígenes, historia, lengua, leyes, costumbres y tradiciones / cpor Ladislao de Velasco y Fernández de la Cuesta. aBarcelona : bImpr. de Oliveres, c1879. a557 p., [11] h. de lám., [1] h. pleg. de map. ; c21 cm. 4aPaís Vasco-xHistoria. 4aPaís Vasco-xUsos y costumbres. aES-MaACLjF-11502